<?xml version="1.0" encoding="UTF-8"?>
<record
    xmlns:xsi="http://www.w3.org/2001/XMLSchema-instance"
    xsi:schemaLocation="http://www.loc.gov/MARC21/slim http://www.loc.gov/standards/marcxml/schema/MARC21slim.xsd"
    xmlns="http://www.loc.gov/MARC21/slim">

  <leader>01326nam a22001697a 4500</leader>
  <controlfield tag="008">190801b        xxu||||| |||| 00| 0 eng d</controlfield>
  <datafield tag="020" ind1=" " ind2=" ">
    <subfield code="a">9781455702961</subfield>
  </datafield>
  <datafield tag="050" ind1=" " ind2=" ">
    <subfield code="a">RM101.C66</subfield>
  </datafield>
  <datafield tag="100" ind1=" " ind2=" ">
    <subfield code="a">Bope, Edward T.</subfield>
  </datafield>
  <datafield tag="245" ind1=" " ind2=" ">
    <subfield code="a">Conn's current therapy 2014. /</subfield>
    <subfield code="c">Edward T. Bope and Rick D Kellerman.</subfield>
  </datafield>
  <datafield tag="260" ind1=" " ind2=" ">
    <subfield code="a">New York :</subfield>
    <subfield code="b">Elsevier Saunders,</subfield>
    <subfield code="c">2014.</subfield>
  </datafield>
  <datafield tag="300" ind1=" " ind2=" ">
    <subfield code="a">xxxiii, 1308 p. :</subfield>
    <subfield code="b">ill. ;</subfield>
    <subfield code="c">28 cm.</subfield>
  </datafield>
  <datafield tag="500" ind1=" " ind2=" ">
    <subfield code="a">Includes appendices and index .</subfield>
  </datafield>
  <datafield tag="505" ind1=" " ind2=" ">
    <subfield code="a">Contents: Section 1: Symptomatic care pending diagnosis -- Section 2: Diseases of allergy -- Section 3: The infectious diseases -- Section 4: Diseases of the skin -- Section 5: Diseases of the head and neck -- Section 6: The respiratory system -- Section 7: The cardiovascular system -- Section 8: The digestive system -- Section 9: Rheumatology and musculoskeletal system -- Section 10: The nervous system -- Section 11: Endocrine and metabolic disorders -- Section 12: Hematology -- Section 13: The Urogenital tract -- Section 14: The sexually transmitted diseases -- Section 15: Psychiatric disorder -- Section 16: Men's Health -- Section 17: Women's health -- Section 18: Pregnancy and antepartum care -- Section 19: Children's health -- Section 20: Preventive health -- Section 21: Physical and chemical injuries.</subfield>
  </datafield>
  <datafield tag="700" ind1=" " ind2=" ">
    <subfield code="a">Kellerman, Rick D.</subfield>
  </datafield>
  <datafield tag="942" ind1=" " ind2=" ">
    <subfield code="2">lcc</subfield>
    <subfield code="c">BK</subfield>
  </datafield>
  <datafield tag="999" ind1=" " ind2=" ">
    <subfield code="c">6841</subfield>
    <subfield code="d">14341</subfield>
  </datafield>
  <datafield tag="952" ind1=" " ind2=" ">
    <subfield code="0">0</subfield>
    <subfield code="1">0</subfield>
    <subfield code="2">lcc</subfield>
    <subfield code="4">0</subfield>
    <subfield code="7">0</subfield>
    <subfield code="a">WIUC-1</subfield>
    <subfield code="b">WIUC-1</subfield>
    <subfield code="c">NURS L.</subfield>
    <subfield code="d">2019-08-01</subfield>
    <subfield code="l">0</subfield>
    <subfield code="o">RM101.C66</subfield>
    <subfield code="p">NURS/620/282/19</subfield>
    <subfield code="r">2019-08-01 00:00:00</subfield>
    <subfield code="t">1</subfield>
    <subfield code="w">2019-08-01</subfield>
    <subfield code="y">BK</subfield>
  </datafield>
</record>
